Small tea plantation and its impact on the rural landscape Assam (Record no. 117053)

000 -LEADER
fixed length control field 00522pab a2200181 454500
008 - FIXED-LENGTH DATA ELEMENTS--GENERAL INFORMATION
fixed length control field 180718b2017 xxu||||| |||| 00| 0 eng d
100 ## - MAIN ENTRY--PERSONAL NAME
Personal name Sharma, Chandan Kumar
245 ## - TITLE STATEMENT
Title Small tea plantation and its impact on the rural landscape Assam
260 ## - PUBLICATION, DISTRIBUTION, ETC.
Date of publication, distribution, etc. 2017
300 ## - PHYSICAL DESCRIPTION
Extent p.140-161.
362 ## - DATES OF PUBLICATION AND/OR SEQUENTIAL DESIGNATION
Dates of publication and/or sequential designation Oct
650 ## - SUBJECT ADDED ENTRY--TOPICAL TERM
Topical term or geographic name entry element Small Tea Plantations (STP)
650 ## - SUBJECT ADDED ENTRY--TOPICAL TERM
Topical term or geographic name entry element Landscape - India - Assam
650 ## - SUBJECT ADDED ENTRY--TOPICAL TERM
Topical term or geographic name entry element Landscape
700 ## - ADDED ENTRY--PERSONAL NAME
Personal name Barua, Prarthana
773 ## - HOST ITEM ENTRY
Main entry heading International Journal of Rural management
909 ## -
-- 117059
Holdings
Withdrawn status Lost status Damaged status Not for loan Permanent Location Current Location Date acquired Serial Enumeration / chronology Barcode Date last seen Price effective from Koha item type
        Indian Institute of Public Administration Indian Institute of Public Administration 2018-07-19 Volume no: 13, Issue no: 2 AR117519 2018-07-19 2018-07-19 Articles

Powered by Koha